Central Library OPAC University of Rajshahi

Intermediate analysis : (Record no. 51264)

MARC details
000 -LEADER
fixed length control field 00865nam a2200253 a 4500
001 - CONTROL NUMBER
control field 51264
003 - CONTROL NUMBER IDENTIFIER
rucl marc code BD-RjUL
005 - DATE AND TIME OF LATEST TRANSACTION
control field 20211209075631.0
008 - FIXED-LENGTH DATA ELEMENTS--GENERAL INFORMATION
fixed length control field 160830s1956 nyua 001 0 eng
035 ## - SYSTEM CONTROL NUMBER
System control number (BD-RjUL)51384
040 ## - CATALOGING SOURCE
Original cataloging agency DLC
Transcribing agency WIT
Modifying agency SER
-- EQO
-- BD-RjUL
Language of cataloging eng
041 ## - LANGUAGE CODE
Language code of text/sound track or separate title eng
082 ## - DEWEY DECIMAL CLASSIFICATION NUMBER
Classification number 515.8
Edition number 23
Author mark and year OLI 1956
100 1# - MAIN ENTRY--PERSONAL NAME
Personal name Olmsted, John M. H.
Fuller form of name (John Meigs Hubbell),
Dates associated with a name 1911-1997
9 (RLIN) 153349
245 10 - TITLE STATEMENT
Title Intermediate analysis :
Remainder of title an introduction to the theory of functions of one real variable. /
Statement of responsibility, etc. John M.H.Olmsted
260 ## - PUBLICATION, DISTRIBUTION, ETC. (IMPRINT)
Place of publication, distribution, etc. New York :
Name of publisher, distributor, etc. Appleton-Century-Crofts,
Date of publication, distribution, etc. c1956
300 ## - PHYSICAL DESCRIPTION
Pagination 305 p. :
Illustrations ill. ;
Size 25 cm.
490 1# - SERIES STATEMENT
Series statement Appleton-Century mathematics series
500 ## - GENERAL NOTE
General note Includes index
650 #0 - SUBJECT ADDED ENTRY--TOPICAL TERM
Topical term or geographic name as entry element Functions of real variables.
9 (RLIN) 153288
830 #0 - SERIES ADDED ENTRY--UNIFORM TITLE
Uniform title Appleton-Century mathematics series
942 ## - ADDED ENTRY ELEMENTS (KOHA)
Source of classification or shelving scheme Dewey Decimal Classification
Koha item type Books
Holdings
Lost status Source of classification or shelving scheme Damaged status Not for loan Collection code Permanent Location Current Location Shelving location Date acquired Source of acquisition Cost, normal purchase price Total Checkouts Full call number Date last seen Copy number Koha item type
  Dewey Decimal Classification     Non-fiction Central Library, University of Rajshahi Central Library, University of Rajshahi   18/05/1964 Zeitlinger 48.00   515.8 OLI 1956 30/08/2016 C-2 Books